000 00692nam a22001697a 4500
005 20260413162505.0
008 260306b |||||||| |||| 00| 0 eng d
020 _a978-93-87472-15-0
050 _aQD 33 .M 64 2016
100 _aMOHATATRA, RANJAN KUMAR
245 _aSUPPLEMENT TO ENGINEERING CHEMISTRY WITH LABORATORY EXPERIMENTS: AS PER THE LATEST BPUT APPLIED CHEMISTRY SYLLABUS
250 _aEASTERN ECONOMY
260 _bPHI,
_c2016,
_aUniversity of Technology (BPUT), Odisha.
300 _a118P
650 _a1.Chemistry-Laboratory manuals-Textbooks 2. Engineering chemistry-Textbooks 3. Applied chemistry-Textbooks 4. Chemical experiments-Study and teaching
942 _2lcc
_cBK
999 _c216797
_d216797